| 000 | 00453pab a2200181 454500 | ||
|---|---|---|---|
| 008 | 180718b2009 xxu||||| |||| 00| 0 eng d | ||
| 100 | _aJena, Manipadma | ||
| 245 | _aSchools without toilets undermine Orissa's education | ||
| 260 | _c2009 | ||
| 300 | _ap.22-23. | ||
| 362 | _aJan | ||
| 650 | _aEducation - India - Orissa | ||
| 650 | _aSchools - India - Orissa | ||
| 650 | _aSchools | ||
| 773 | _aSocial Welfare | ||
| 908 | _aN | ||
| 909 | _a80705 | ||
| 999 |
_c80705 _d80705 |
||